<?xml version="1.0" encoding="UTF-8"?>
<record
    xmlns:xsi="http://www.w3.org/2001/XMLSchema-instance"
    xsi:schemaLocation="http://www.loc.gov/MARC21/slim http://www.loc.gov/standards/marcxml/schema/MARC21slim.xsd"
    xmlns="http://www.loc.gov/MARC21/slim">

  <leader>05210nam a2200349 i 4500</leader>
  <controlfield tag="003">DO-SdAGN</controlfield>
  <controlfield tag="005">20260520153318.0</controlfield>
  <controlfield tag="007">ta</controlfield>
  <controlfield tag="008">260520e20002025dr ||||gro||||||0 |bspa ||spa| </controlfield>
  <datafield tag="020" ind1=" " ind2=" ">
    <subfield code="a">9789945251371.</subfield>
  </datafield>
  <datafield tag="040" ind1=" " ind2=" ">
    <subfield code="a">DO-SdAGN</subfield>
    <subfield code="c">DO-SdAGN</subfield>
    <subfield code="d">DO-SdBNP</subfield>
    <subfield code="e">rda</subfield>
    <subfield code="b">spa</subfield>
  </datafield>
  <datafield tag="041" ind1=" " ind2=" ">
    <subfield code="a">spa</subfield>
  </datafield>
  <datafield tag="082" ind1="0" ind2=" ">
    <subfield code="a">RD 923.1 </subfield>
    <subfield code="2">C355o 2025</subfield>
    <subfield code="b">22</subfield>
  </datafield>
  <datafield tag="100" ind1="4" ind2=" ">
    <subfield code="9">14470</subfield>
    <subfield code="a">Castro, V&#xED;ctor Manuel de</subfield>
    <subfield code="d">1872-1924</subfield>
    <subfield code="e">autor</subfield>
  </datafield>
  <datafield tag="245" ind1="0" ind2=" ">
    <subfield code="a">Del ostracismo, cosas de Lil&#xED;s y otras cosas / </subfield>
    <subfield code="c">V&#xED;ctor M. de Castro ; editor Andr&#xE9;s Blanco D&#xED;az ; investigaci&#xF3;n y cuidado de edici&#xF3;n Andr&#xE9;s Blanco D&#xED;az ; diagramaci&#xF3;n y dise&#xF1;o de portada Editorial Santuario</subfield>
  </datafield>
  <datafield tag="250" ind1="4" ind2=" ">
    <subfield code="a">Primera edici&#xF3;n</subfield>
  </datafield>
  <datafield tag="260" ind1="4" ind2=" ">
    <subfield code="a">Santo Domingo, R.D. :</subfield>
    <subfield code="b">Archivo General de la Naci&#xF3;n, </subfield>
    <subfield code="c">2025</subfield>
  </datafield>
  <datafield tag="300" ind1="4" ind2=" ">
    <subfield code="a">416 p&#xE1;ginas ; </subfield>
    <subfield code="c">23 x 15 cm.</subfield>
  </datafield>
  <datafield tag="336" ind1=" " ind2=" ">
    <subfield code="a">texto</subfield>
    <subfield code="b">txt</subfield>
    <subfield code="2">rdacontent</subfield>
  </datafield>
  <datafield tag="337" ind1=" " ind2=" ">
    <subfield code="a">sin mediaci&#xF3;n </subfield>
    <subfield code="b">n </subfield>
    <subfield code="2">rdamedia</subfield>
  </datafield>
  <datafield tag="338" ind1=" " ind2=" ">
    <subfield code="a">volumen </subfield>
    <subfield code="b">n </subfield>
    <subfield code="2">rdacarrier</subfield>
  </datafield>
  <datafield tag="490" ind1=" " ind2=" ">
    <subfield code="a">Archivo General de la Naci&#xF3;n ; </subfield>
    <subfield code="v">volumen 537.</subfield>
  </datafield>
  <datafield tag="500" ind1="4" ind2=" ">
    <subfield code="a">Incluye &#xED;ndice onom&#xE1;stico</subfield>
  </datafield>
  <datafield tag="505" ind1="0" ind2=" ">
    <subfield code="a">Presentaci&#xF3;n, por Andr&#xE9;s Blanco D&#xED;az 15 -- MARCHA DEL GRAL. MIGUEL FEBLES DESDE EL DUEY HASTA EL OZAMA : Al general Miguel Febles 21 -- DEL OSTRACISMO : Siluetas de j&#xF3;venes dominicanos. Bustos femeninos. Art&#xED;culos varios Al Pbro. Francisco Xavier Billini 33 -- A la juventud dominicana 35 -- Siluetas de j&#xF3;venes dominicanos Miguel &#xC1;ngel Garrido 37 -- Gast&#xF3;n F. Deligne 41 -- Manuel Arturo Machado 43 -- El&#xED;as Brache, hijo  45 -- Enrique Deschamps 49 -- Fernando A. Defill&#xF3; 51 -- Joaqu&#xED;n E. Salazar 53 -- Manuel F. Cestero 57 -- Octavio A. Acevedo 59 -- Manuel Ubaldo G&#xF3;mez 61 -- Manuel Mar&#xED;a Sanabia 65 -- Jacinto B. Peynado 67 -- Juan Cher&#xED; Victoria 69 -- Abelardo Rodr&#xED;guez Urdaneta 73 -- Pbro. Rafael C. Castellanos 77 -- Carlos F. de Moya 81 -- Maximiliano Henr&#xED;quez y Ure&#xF1;a, Porfirio Herrera y Luis Coh&#xE9;n 83 -- Andr&#xE9;s Julio Montol&#xED;o 87 -- Bustos femeninos 91 -- Bustos femeninos Ana Rita Sama 91 -- Mar&#xED;a Roger 93 -- Angelita Vilella 95 -- Carmencita Catell 97 -- Esperancita Casanovas 99 -- Silverina P&#xE9;rez 101 -- Art&#xED;culos varios 4 de julio de 1776 103 -- Eugenio M. de Hostos. Con motivo del primer aniversario de su muerte 105 -- Tu sombrero negro 109 -- 16 de Agosto 111 -- Carta a Ner&#xF3;n 115 -- Toque de rebato 119 -- El alma de las aguas 123 -- A una bandera 125 -- POR LA VERDAD Y POR LA PATRIA Actualidad de la Rep&#xFA;blica Dominicana 129 -- Muerte del presidente C&#xE1;ceres, sus causas y sus efectos 131 -- Gobierno interino del presidente Eladio Victoria 135 -- Arrojo del general Morales, su captura 139 -- COSAS DE LIL&#xCD;S Pre&#xE1;mbulo 145 -- Pr&#xF3;logo 147 -- Notas biogr&#xE1;ficas del general Ulises Heureaux (Lil&#xED;s) 151 -- An&#xE9;cdotas y relatos 157-217 -- CARTAS FRANCAS Y NO TAN FRANCAS -- Carta a Ner&#xF3;n (del libro Cartas francas) 223 -- Ep&#xED;stola ingenua 227 -- Carta a Lucrecia (del libro Cartas francas) 231 -- Carta sincera 235 -- Junta Erectora de la Tumba del Maestro 239 -- Carta azul (Del libro Cartas francas) 241 -- Carta hel&#xE9;nica (Del libro Cartas francas) 245 -- Desde lejos 249 -- Carta a Bossuet (Del libro Cartas francas) 253 -- Carta abierta 257 -- Una carta importante 265 -- Algo important&#xED;simo. &#xA1;Sublime idea! 267 -- La Avenida Bol&#xED;var (de El Universal, de Caracas) 271 -- Nuevo cultivo. Carta de un encargado de negocios 273 -- La sarrapia (Haba tonka) 275 -- A S&#xF3;crates Nolasco 279 -- OTRAS COSAS &#xA1;Pobre Mariano! 283 -- 26 de julio 285 -- &#xA1;Imposiciones, no! 289 -- II 289 -- III 290 -- 19 de Marzo 293 -- En la brecha 297 -- Discurriendo 299 -- Un par&#xE9;ntesis 301 -- Anta&#xF1;o y oga&#xF1;o 303 -- En la brecha 305 -- En la brecha 309 -- En la brecha 311 -- En la brecha 313 -- A Ivanhoe 315 -- &#xA1;Perdonar! 317 -- Confesi&#xF3;n 319 -- Inri 323 -- Fiat lux 327 -- Ante la historia 329 -- Fernando A. de Meri&#xF1;o. Arzobispo y dictador 331 -- De mis a&#xF1;oranzas 335 -- Perfiles socorenses 339 -- Cr&#xF3;nica triste. Silvio Pellerano 341 -- Juvenilia y Criollas 343 -- Miguel &#xC1;ngel Garrido 347 -- Mensajera 349 -- Sobre la estela 351 -- Cuentos fr&#xE1;giles 353 -- &#xA1;Inmigraci&#xF3;n y paz! 355 -- Arrojo del general Morales, su captura 359 -- &#xA1;Al pa&#xED;s! 363 -- &#xA1;Al pa&#xED;s! 367 -- &#xBF;Delegado? 371 -- II 372 -- III 374 -- Luis Tejera 377 -- Pr&#xED;ncipe Rubio (Pirul&#xED; Ricart) 379 -- Barahona 381 -- Paralelo entre Duarte y N&#xFA;&#xF1;ez de C&#xE1;ceres 383 -- De los tiempos gloriosos 387 -- V&#xED;ctor M. de Castro 389 -- El padre Nicol&#xE1;s (episodio hist&#xF3;rico) 389 -- Pr&#xF3;logo 393 -- Ignorado y genial (Rodolfo Garc&#xED;a) 397 -- &#xA1;Calla, Hermana! 401 -- &#xCD;ndice onom&#xE1;stico 403</subfield>
  </datafield>
  <datafield tag="520" ind1=" " ind2=" ">
    <subfield code="a">Con la recopilaci&#xF3;n de los escritos de V&#xED;ctor Manuel de Castro se rinde homenaje a este dominicano ejemplar en el centenario de su nacimiento, quien tuvo como fundamento de una gran parte de sus escritos sus propias convicciones radicales en la sociedad dominicana.</subfield>
  </datafield>
  <datafield tag="590" ind1=" " ind2=" ">
    <subfield code="a">Inventariado, 2026/WG.</subfield>
  </datafield>
  <datafield tag="600" ind1=" " ind2=" ">
    <subfield code="a">Heureaux, Ulises, 1845-1899</subfield>
    <subfield code="x">An&#xE9;cdota, Chistes, S&#xE1;tiras, etc.</subfield>
    <subfield code="9">113413</subfield>
  </datafield>
  <datafield tag="651" ind1=" " ind2=" ">
    <subfield code="a">Rep&#xFA;blica Dominicana</subfield>
    <subfield code="x">Historia</subfield>
    <subfield code="y">1844-1930</subfield>
    <subfield code="9">101166</subfield>
  </datafield>
  <datafield tag="700" ind1=" " ind2=" ">
    <subfield code="9">14472</subfield>
    <subfield code="a">Blanco D&#xED;az, Andr&#xE9;s </subfield>
    <subfield code="e">editor  </subfield>
    <subfield code="e">investigaci&#xF3;n</subfield>
    <subfield code="e">cuidado de edici&#xF3;n</subfield>
  </datafield>
  <datafield tag="710" ind1=" " ind2=" ">
    <subfield code="a">Editorial Santuario</subfield>
    <subfield code="e">diagramaci&#xF3;n  </subfield>
    <subfield code="e">dise&#xF1;o de portada </subfield>
    <subfield code="9">63835</subfield>
  </datafield>
  <datafield tag="942" ind1=" " ind2=" ">
    <subfield code="2">ddc</subfield>
    <subfield code="c">LBS1</subfield>
  </datafield>
  <datafield tag="952" ind1=" " ind2=" ">
    <subfield code="0">0</subfield>
    <subfield code="1">0</subfield>
    <subfield code="2">ddc</subfield>
    <subfield code="5">1</subfield>
    <subfield code="7">0</subfield>
    <subfield code="8">PD</subfield>
    <subfield code="a">BNPHU</subfield>
    <subfield code="b">BNPHU</subfield>
    <subfield code="c">CT</subfield>
    <subfield code="d">2026-05-20</subfield>
    <subfield code="l">0</subfield>
    <subfield code="o">RD 923.1 C355o 2025</subfield>
    <subfield code="p">2026-4399</subfield>
    <subfield code="r">2026-05-20</subfield>
    <subfield code="w">2026-05-20</subfield>
    <subfield code="y">LBS1</subfield>
  </datafield>
  <datafield tag="952" ind1=" " ind2=" ">
    <subfield code="0">0</subfield>
    <subfield code="1">0</subfield>
    <subfield code="2">ddc</subfield>
    <subfield code="5">1</subfield>
    <subfield code="7">0</subfield>
    <subfield code="8">PD</subfield>
    <subfield code="a">BNPHU</subfield>
    <subfield code="b">BNPHU</subfield>
    <subfield code="c">CT</subfield>
    <subfield code="d">2026-05-20</subfield>
    <subfield code="l">0</subfield>
    <subfield code="o">RD 923.1 C355o 2025</subfield>
    <subfield code="p">2026-4400</subfield>
    <subfield code="r">2026-05-20</subfield>
    <subfield code="t">e.2</subfield>
    <subfield code="w">2026-05-20</subfield>
    <subfield code="y">LBS1</subfield>
  </datafield>
  <datafield tag="952" ind1=" " ind2=" ">
    <subfield code="0">0</subfield>
    <subfield code="1">0</subfield>
    <subfield code="2">ddc</subfield>
    <subfield code="5">1</subfield>
    <subfield code="7">0</subfield>
    <subfield code="8">PD</subfield>
    <subfield code="a">BNPHU</subfield>
    <subfield code="b">BNPHU</subfield>
    <subfield code="c">CT</subfield>
    <subfield code="d">2026-05-20</subfield>
    <subfield code="l">0</subfield>
    <subfield code="o">RD 923.1 C355o 2025</subfield>
    <subfield code="p">2026-4401</subfield>
    <subfield code="r">2026-05-20</subfield>
    <subfield code="t">e.3</subfield>
    <subfield code="w">2026-05-20</subfield>
    <subfield code="y">LBS1</subfield>
  </datafield>
  <datafield tag="999" ind1=" " ind2=" ">
    <subfield code="c">60795</subfield>
    <subfield code="d">60795</subfield>
  </datafield>
</record>
